Cumpleaños lejos de casa / (Record no. 102585)

MARC details
000 -LEADER
campo de control de longitud fija 00631nam a2200205 i 4500
001 - NÚMERO DE CONTROL
campo de control 102585
003 - IDENTIFICADOR DE NÚMERO DE CONTROL
campo de control ES-MaACL
005 - FECHA Y HORA DE LA ÚLTIMA TRANSACCIÓN
campo de control 20250722063145.0
007 - CAMPO FIJO DE DESCRIPCIÓN FÍSICA--INFORMACIÓN GENERAL
campo de control de longitud fija t|
008 - DATOS DE LONGITUD FIJA--INFORMACIÓN GENERAL
campo de control de longitud fija 051117s1973 sp ||||1| spa d
100 1# - ENTRADA PRINCIPAL--NOMBRE DE PERSONA
Nombre de persona Merino, José María,
Fechas asociadas al nombre 1941-
9 (RLIN) 149582
245 10 - MENCIÓN DEL TÍTULO
Título Cumpleaños lejos de casa /
Mención de responsabilidad, etc. José María Merino.
260 ## - PUBLICACIÓN, DISTRIBUCIÓN, ETC.
Lugar de publicación, distribución, etc. León :
Nombre del editor, distribuidor, etc. Instituto Fray Bernardino de Sahagún,
Fecha de publicación, distribución, etc. 1973.
300 ## - DESCRIPCIÓN FÍSICA
Extensión 142 p. ;
Dimensiones 20 cm.
490 1# - MENCIÓN DE SERIE
Mención de serie Provincia : colección de poesía ;
Designación de volumen o secuencia 17
830 00 - PUNTO DE ACCESO ADICIONAL DE SERIE-TÍTULO UNIFORME
Título uniforme Provincia (León) ;
Designación de volumen o secuencia 17
9 (RLIN) 236377
852 ## - LOCALIZACIÓN
Ubicación ES-MaACL
Número de control de estantería C-52815
Sublocalización o colección R.85999
942 ## - ELEMENTOS DE ENTRADA SECUNDARIOS (KOHA)
Fuente del sistema de clasificación o colocación Clasificación decimal universal
Holdings
Estatus retirado Estado de pérdida Estado de daño No para préstamo Biblioteca de origen Biblioteca actual Ubicación en estantería Fecha de adquisición Fuente de adquisición Total de préstamos Signatura topográfica completa Código de barras Visto por última vez Precio de reemplazo Tipo de ítem Koha
        Biblioteca del Ateneo de Madrid Biblioteca del Ateneo de Madrid Depósito 2 17/01/2008     C-52815 1107092 23/02/2023 23/02/2023 Libro impreso